The wings of the dove / (Record no. 17187)
[ view plain ]
| 000 -LEADER | |
|---|---|
| fixed length control field | 00827nam a2200265 a 4500 |
| 001 - CONTROL NUMBER | |
| control field | 17187 |
| 003 - CONTROL NUMBER IDENTIFIER | |
| rucl marc code | BD-RjUL |
| 005 - DATE AND TIME OF LATEST TRANSACTION | |
| control field | 20211209000113.0 |
| 008 - FIXED-LENGTH DATA ELEMENTS--GENERAL INFORMATION | |
| fixed length control field | 140216s1948 enk 000 0 eng d |
| 035 ## - SYSTEM CONTROL NUMBER | |
| System control number | OCLC ocm04445758 from D951213M |
| -- | (BD-RjUL) 17244 |
| 040 ## - CATALOGING SOURCE | |
| Original cataloging agency | DLC |
| Transcribing agency | IRU |
| Modifying agency | BD-RjUL |
| Language of cataloging | eng |
| 041 ## - LANGUAGE CODE | |
| Language code of text/sound track or separate title | eng |
| 082 ## - DEWEY DECIMAL CLASSIFICATION NUMBER | |
| Classification number | 813.4 |
| Author mark and year | JAW 1948 |
| 090 ## - LOCALLY ASSIGNED LC-TYPE CALL NUMBER (OCLC); LOCAL CALL NUMBER (OCLC) | |
| Classification number (OCLC) (R) ; Classification number, CALL (RLIN) (NR) | PS2116 |
| Local cutter number (OCLC) ; Book number/undivided call number, CALL (RLIN) | .W5 1948 |
| 100 1# - MAIN ENTRY--PERSONAL NAME | |
| Personal name | James, Henry, |
| Dates associated with a name | 1843-1916. |
| 9 (RLIN) | 53001 |
| 245 14 - TITLE STATEMENT | |
| Title | The wings of the dove / |
| Statement of responsibility, etc. | by Henry James |
| 260 ## - PUBLICATION, DISTRIBUTION, ETC. (IMPRINT) | |
| Place of publication, distribution, etc. | London : |
| Name of publisher, distributor, etc. | Eyre & Spottiswoode, |
| Date of publication, distribution, etc. | 1948. |
| 300 ## - PHYSICAL DESCRIPTION | |
| Pagination | x, 413 p. : |
| Size | 18 cm. |
| 490 1# - SERIES STATEMENT | |
| Series statement | Century library ; |
| Volume/sequential designation | no. 6 |
| 650 ## - SUBJECT ADDED ENTRY--TOPICAL TERM | |
| Topical term or geographic name as entry element | Americans Travel Italy Venice Fiction |
| 9 (RLIN) | 53002 |
| 700 1# - ADDED ENTRY--PERSONAL NAME | |
| Personal name | Read, Herbert, |
| Dates associated with a name | 1893-1968. |
| 830 #0 - SERIES ADDED ENTRY--UNIFORM TITLE | |
| Volume number/sequential designation | no. 6 |
| 830 #0 - SERIES ADDED ENTRY--UNIFORM TITLE | |
| Uniform title | Century library (Eyre & Spottiswoode) ; |
| 942 ## - ADDED ENTRY ELEMENTS (KOHA) | |
| Source of classification or shelving scheme | Dewey Decimal Classification |
| Koha item type | Books |
| Lost status | Source of classification or shelving scheme | Damaged status | Not for loan | Collection code | Permanent Location | Current Location | Shelving location | Date acquired | Source of acquisition | Cost, normal purchase price | Total Checkouts | Full call number | Date last seen | Copy number | Koha item type |
|---|---|---|---|---|---|---|---|---|---|---|---|---|---|---|---|
| Dewey Decimal Classification | Not For Loan | Non-fiction | Central Library, University of Rajshahi | Central Library, University of Rajshahi | Reading Room | 11/03/1964 | Zeitlinger | 7.00 | 813.4 JAW 1948 | 16/02/2014 | C-1 | Books |